| 000 | 01947nam a22003612i 4500 | ||
|---|---|---|---|
| 003 | OSt | ||
| 005 | 20210228124645.0 | ||
| 008 | 210228t20202020enka|||jr|||| 000 0 eng d | ||
| 020 |
_a9780241439593 _cRM 28.95 _qhardback |
||
| 040 |
_aPPAK _beng _cPPAK _erda |
||
| 082 | 0 | 4 |
_223 _a152.4 |
| 090 | 0 | 0 |
_a152.4 _bIFE _dK |
| 245 | 0 | 0 |
_aI Feel Proud : _bWhy do I feel proud today? / _cConsultant, Teresa Day ; Editor, Sophie Parkes. |
| 264 | 1 |
_aLondon : _bDorling Kindersley, _c2020. |
|
| 264 | 4 | _c©2020 | |
| 300 |
_a1 volume (unpaged) : _bcolour illustrations ; _c18 cm. |
||
| 336 |
_atext _2rdacontent |
||
| 336 |
_astill image _2rdacontent |
||
| 337 |
_aunmediated _2rdamedia |
||
| 338 |
_avolume _2rdacarrier |
||
| 490 | 0 | _aFirst emotions | |
| 500 | _aOn board pages. | ||
| 520 | _aHelp young children develop emotional intelligence, feel proud of themselves, and celebrate their achievements with this illustrated board book. I Feel Proud encourages children to embrace their talents and grow their confidence from an early age. This colorful board book provides a starting point for children to reflect on what they are proud of, whether it's a baby sibling or an amazing drawing. It also warns against the dangers of being overly confident and diminishing the achievements of other people, helping young children develop this important life skill. Cute illustrations paired with minimal text, as well as an inspirational message, make I Feel Proud the ideal first book for little ones. This board book also makes an ideal gift for young children in your life, encouraging them to be proud of who they are. | ||
| 521 | _aPreschool. | ||
| 650 | 1 | 0 |
_aEmotions _vJuvenile literature. |
| 650 | 2 | 0 |
_aConfidence _vJuvenile literature. |
| 655 | 0 | _aBoard books. | |
| 655 | 7 |
_aPicture books. _2lcgft |
|
| 700 | 1 |
_a Day, Teresa, _econsultant. |
|
| 700 | 1 |
_aParkes, Sophie, _eeditor. |
|
| 830 | 1 | _aFirst emotions | |
| 942 |
_2ddc _cB |
||
| 999 |
_c182300 _d182300 |
||